|
|
|
|
| LEADER |
00806nam a22002537a 4500 |
| 001 |
30321 |
| 003 |
BD-DhAAL |
| 005 |
20151102123353.0 |
| 008 |
150906s2015 bg a|||| |||| 00| 0 eng d |
| 040 |
|
|
|a BD-DhAAL
|c BD-DhAAL
|
| 082 |
|
|
|2 22
|a 307.1412095492
|
| 999 |
|
|
|c 36010
|d 36010
|
| 999 |
|
|
|c 35996
|
| 999 |
|
|
|c 35433
|
| 245 |
|
|
|a BRAC South Sudan :
|b annual report 2014
|
| 260 |
|
|
|a Dhaka :
|b BRAC,
|c 2015
|
| 300 |
|
|
|a 65 p. :
|b ill. ;
|c 28 cm.
|
| 541 |
|
|
|e 30321
|
| 610 |
|
|
|a BRAC
|9 14405
|
| 650 |
|
|
|a Rural Development
|z Bangladesh
|9 14406
|
| 710 |
|
|
|a BRAC
|9 14405
|
| 852 |
|
|
|a Ayesha Abed Library
|c BRAC Resource Section
|
| 942 |
|
|
|2 ddc
|c BK
|
| 952 |
|
|
|0 0
|1 0
|2 ddc
|4 0
|6 307_141209549200000_BRA
|7 0
|9 56578
|a BRACUL
|b BRACUL
|c BRS
|d 2015-11-02
|e BRAC
|l 0
|o 307.1412095492 BRA
|p 3010030321
|r 2015-11-02
|t 1
|w 2015-11-02
|y BK
|